Normal view
MARC view
Entry Topical Term
001 - CONTROL NUMBER
- control field: 17716
003 - CONTROL NUMBER IDENTIFIER
- control field: dpl
005 - DATE AND TIME OF LATEST TRANSACTION
- control field: 20100831141615.0
008 - FIXED-LENGTH DATA ELEMENTS
- fixed length control field: 100831|||a|||||| | ||| d
040 ## - CATALOGING SOURCE
- Original cataloging agency: dpl
- Transcribing agency: dpl
150 ## - HEADING--TOPICAL TERM
- Topical term or geographic name as entry element: Classicla Music
- General subdivision: Excerpts
- Geographic subdivision: India
670 ## - SOURCE DATA FOUND
- Source citation: Work cat.: (dpl): Malliok,Pankaj 17715, Mein roti hu /
670 ## - SOURCE DATA FOUND
- Source citation: Work cat.: (dpl): Malliok,Pankaj 17715, Mein roti hu /
